000 00530nam a2200217Ia 4500
003 OSt
005 20220928135411.0
006 a|||||r|||| 00| 0
007 ta
008 220927b |||||||| |||| 00| 0 eng d
024 _a1895
037 _cTextual
040 _aSDCL
_cSDCL
_beng
041 _2eng
_aeng
082 _aO-:g, L5
100 _aHartman Geoffrey H
245 0 _aFate of reading and other essays
260 _c1975
942 _hO-:g, L5
_cTEXL
_2CC
999 _c805707
_d805707